000 01063nmm a2200301 a 4500
001 ocm0002347752
003 TR-IsHL
005 20201028190227.0
008 191223s2019 tu tur
007 cr cn
020 _a9786052815694
035 _a2347752
_b(N$T)
050 0 4 _aPE1131
_b.G87 2019
090 0 4 _aPE1131
_b.G87 2019
100 1 _aGürbüz, Murat
245 1 0 _aDiyalogla öğretim etkinliklerinin İngilizce konuşma becerisine etkisi
_h[electronic resource] /
_cMurat Gürbüz ; Prof. Dr. Ali Osman Engin
250 _a1. Baskı
260 _aİstanbul :
_bHiperyayın,
_c2019
300 _a176 p.
500 _aKaynakça sayfa:153-166
650 4 _aDil ve Edebiyat
650 4 _aLanguage and Literature
650 0 _aİngiliz dili
_x Çalışma ve öğretim
650 0 _aEnglish language
_x Study and teaching
650 7 _aLANGUAGE ARTS & DISCIPLINES / Study & Teaching
_2bisacsh
700 1 _aEngin, Ali Osman
856 4 0 _uhttp://search.ebscohost.com/login.aspx?direct=true&scope=site&db=e011xww&AN=2347752
999 _c21823
_d21823